000 00741nam a22001577a 4500
003 OSt
005 20150930110857.0
008 150930b xxu||||| |||| 00| 0 eng d
040 _cRUA
082 _aAGR KOV 2011 B047 Or.1
100 _91598
_aKOV, RITHA.
245 _aComparison of nitrogen mineralization of faeces and urine of cattle fed differnt diets in sandy loam soil (​ការប្រៀបធៀបខនិជកម្មអាសូតនៃលាមកនិងទឺកនោមគោដែលបានមកពីចំណីខុសៗក្នាក្នុងលក្ខខណ្ឌដីល្បាយខ្សាច់)
260 _aPhnom Penh
_bRUA
_c2011
300 _avii, 43p.
_bill.
_c29cm.
942 _2ddc
_cAGR
999 _c1509
_d1509